SOCIOLOGY : AN INTRODUCTION SOCIOLOGY (Record no. 9084)

MARC details
000 -LEADER
fixed length control field 00342nam a22001577a 4500
003 - CONTROL NUMBER IDENTIFIER
control field SGT
020 ## - INTERNATIONAL STANDARD BOOK NUMBER
International Standard Book Number 978-93-7473-496-4
082 ## - DEWEY DECIMAL CLASSIFICATION NUMBER
Classification number 301, S12J
100 ## - MAIN ENTRY--PERSONAL NAME
Personal name JAIN, ROSHNI
245 ## - TITLE STATEMENT
Title SOCIOLOGY : AN INTRODUCTION SOCIOLOGY
250 ## - EDITION STATEMENT
Edition statement 1ST
260 ## - PUBLICATION, DISTRIBUTION, ETC. (IMPRINT)
Place of publication, distribution, etc DELHI
Name of publisher, distributor, etc AUTBS
Year of Publication 2012
300 ## - PAGE DESCRIPTION
No. of Pages 830
650 ## - SUBJECT ADDED ENTRY--TOPICAL TERM
Topical term or geographic name as entry element SOCIOLOGY
942 ## - ADDED ENTRY ELEMENTS (KOHA)
Source of classification or shelving scheme Dewey Decimal Classification
Koha item type Books
942 ## - ADDED ENTRY ELEMENTS (KOHA)
-- 1
Holdings
Withdrawn status Lost status Source of classification or shelving scheme Damaged status Not for loan Collection code Home library Current library Shelving location Date acquired Vendor Name Cost, normal purchase price SGTU Bill Number Total Checkouts Full call number Accession No. (Barcode) Date last seen Date last borrowed Bill Date Koha item type
    Dewey Decimal Classification     MEDICAL SGT Medical Library SGT Medical Library Text Book 16/06/2016 AHUJA BOOK COMPANY 365.00 SGTU 5978 7 301, S12J FM7574 06/05/2026 06/05/2026 14/08/2015 Books